As cores do tempo (Registo nº 1549)

Detalhes MARC
000 -Etiqueta do registo
Cabeçalho 00730nam0a2200265 4500
005 - Identificador da versão
Campo de controlo 20240823122953.0
010 ## - Número internacional normalizado dos livros (ISBN)
Número (ISBN) 9892000528
021 ## - Número do Depósito Legal
Código do país PT
Número 239875/06
100 ## - Dados gerais de processamento
Dados gerais de processamento 20151022d2006 a y0pory5003 ba
101 0# - Língua de publicação
Língua do texto, banda sonora, etc. Português
102 ## - Pais de publicação ou produção
País de publicação Portugal
200 1# - Titulo e menção de responsabilidade
Título próprio As cores do tempo
Título paralelo The colours of time
Primeira menção de responsabilidade Zé Ventura
Outras menções de responsabilidade textos, coordenação Silva Carriço
210 ## - Publicação, Distribuição, etc. 
Lugar da edição, distribuição, etc. [S. l.]
Nome do editor, distribuidor, etc. Zé Ventura
Data da publicação, distribuição, etc. 2005
215 ## - Descrição física 
Indicação específica da natureza do documento e extensão da espécie 120 p.
Outras indicações físicas fot
305 ## - Notas relativas à edição e história bibliográfica da publicação 
Texto da nota Ed. biblingue
306 ## - Notas relativas a publicação, distribuição, etc. 
Texto da nota Edição do A.
606 ## - Nome comum usado como assunto
Número de registo de entrada de autoridade 0002629
Palavra de ordem Artes plásticas
Código do sistema CA
675 ## - Classificação Decimal Universal (CDU)
Notação 74/75
Edição 3ª ed.
Língua da edição por
Notação 74/75=111
Edição 3ª ed.
Língua da edição por
700 #0 - Nome de autor-pessoa física (responsabilidade principal)
Número de registo de entrada de autoridade 0002631
Palavra de ordem Zé Ventura
702 #1 - Nome de autor-pessoa física (responsabilidade secundária)
Número de registo de entrada de autoridade 0002632
Palavra de ordem Carriço
Outra parte do nome não tomada para palavra de ordem Silva
Código de função Editor literário / Coordenador
942 ## - Elementos de entrada adicionados (Koha)
Tipo de item no Koha Livro
966 ## - Identificação da Biblioteca
Sigla EB2,3ENM
Exemplares
Situação do levantamento Origin of item (home branch) (coded) Biblioteca de empréstimo Código de barras Cota Data de devolução Circulation type (not for loan) Tipo de documento Nota do exemplar Damaged status
  Biblioteca Escolar Eng. Nuno Mergulhão Biblioteca Escolar Eng. Nuno Mergulhão BENM3675 74/75 ZÉ     Livro Sem mensagem